| 000 | 00307nam a2200133u 4500 | ||
|---|---|---|---|
| 082 |
_a954.0294 _bWIL |
||
| 100 | 1 |
_aWilson, Charles, _949879 |
|
| 245 | 0 | 0 | _aLord Clive. |
| 260 |
_a[n.p.] _c1919 |
||
| 300 | _a1v. cm. | ||
| 526 |
_a0 _b0 _c0 _d954_029400000000000_WIL |
||
| 650 |
_aMCE _9379 |
||
| 942 |
_2ddc _cBK |
||
| 999 |
_c552626 _d552626 |
||